Heartbreaker - Pat Benatar (All Lyrics) - Statistics

General Stats
  • This quiz has been taken 7 times
  • The average score is 184 of 213
Answer Stats
Answer % Correct
a
100%
around
100%
around,
100%
be
100%
don't
100%
heartbreaker,
100%
heartbreaker
100%
love
100%
Love
100%
me
100%
mess
100%
taker,
100%
with
100%
you
100%
You
100%
Your
100%
your
100%
You're
100%
And
83%
born
83%
dream
83%
fantasy
83%
in
83%
inner
83%
is
83%
know
83%
like
83%
maker
83%
maker,
83%
my
83%
no,
83%
no
83%
release
83%
that
83%
the
83%
The
83%
To
83%
to
83%
were
83%
winner
83%
Better
67%
control
67%
desire
67%
fire
67%
head
67%
kind
67%
left
67%
Now
67%
of
67%
out
67%
over
67%
promises
67%
right
67%
sinner
67%
tidal
67%
unsaid
67%
wave
67%
Burnin'
50%
invincible
50%
it's
50%
its
50%
on
50%
set
50%
soul
50%
Spinning
50%
takin'
50%
taught
50%
toll
50%
ways
50%
has
17%
Drownin'
0%
No matching quizzes found
Score Distribution
Percent of People with Each Score
Percentile by Number Answered
Your Score History
You have not taken this quiz